How Well Do You Know... F*R*I*E*N*D*S - Season 1 - Statistics

General Stats
  • This quiz has been taken 5,225 times
    5,221 since last reset
  • The average score is 27 of 50
Answer Stats
The One... Question Answer % Correct
2. #01 - With The Pilot What is the name of the coffe shop the Friends hang out at? Central Perk
97%
3. #01 - With The Pilot Who had the opening line "There's nothing to tell! He's just a guy I work with!" Monica Geller
97%
5. #01 - With The Pilot Who is Ross' ex-wife? Carol Willick
95%
21. #09 - Where Underdog Gets Away How many different kinds of potatoes did Monica prepare for the Thanksgiving meal? 3
93%
4. #01 - With The Pilot Who did Rachel leave at the alter? Barry Farber
92%
23. #09 - Where Underdog Gets Away Which Friend is vegetarian? Phoebe Buffay
91%
20. #08 - Where Nana Dies Twice Which Friend falls into the open grave? Ross Geller
90%
1. #01 - With The Pilot In the opening credits of the pilot, which Friend is seeing mouthing the lyrics "...there for you"? Rachel Green
89%
10. #02 - With The Sonogram At The End Who is Ross' ex-wife's life partner? Susan Bunch
88%
11. #03 - With The Thumb In what does Phoebe find the thumb? Soda can
85%
25. #10 - With The Monkey Who does Joey kiss at midnight on New Years Eve? Chandler Bing
80%
8. #02 - With The Sonogram At The End Who is Ross and Monica's father? Jack Geller
80%
24. #10 - With The Monkey What was the name of Ross' Monkey? Marcel
80%
7. #02 - With The Sonogram At The End Who is Ross and Monica's mother? Judy Geller
79%
9. #02 - With The Sonogram At The End Who was Rachel's maid of honour? Mindy
72%
38. #16 - With Two Parts - Part 1 What is the name of Phoebe's twin sister Ursula
72%
16. #06 - With The Butt Joey gets hired as a body double for which famous actor? Al Pacino
67%
26. #10 - With The Monkey What is the name of the scientist guy Phoebe ends up dating? David
64%
32. #12 - With The Dozen Lasagna's What is Phoebe's occupation? Masseuse
63%
18. #07 - With The Black Out Who was trapped with Chandler in the ATM vestibule the night of the black out? Jill Goodacre
61%
28. #11 - With Mrs Bing What is Mrs. Bing's profession? Author
60%
48. #23 - With The Birth What do Ross and his ex-wife name the baby? Ben
59%
39. #16 - With Two Parts - Part 1 The monkey uses the television remote to change the channel to 'Urkel' in what language? Spanish
58%
31. #11 - With Mrs Bing What is Rachel's middle name? Karen
57%
17. #07 - With The Black Out Who does Rachel meet (and eventually date) the night of the black out? Paolo
56%
14. #05 - With The East German Laundry Detergent What does Ross run into after Rachel kisses him? The Dryer Door
56%
27. #11 - With Mrs Bing What is Chandler's mother's name? Nora Tyler Bing
44%
12. #03 - With The Thumb What was the name of Ross and Monica's dog that was "sent to live on a farm? Chi-chi
43%
49. #24 - Where Rachel Finds Out Where does Ross go to on business for the museum? China
40%
40. #16 - With Two Parts - Part 1 What was Rachel taking down, when she fell and sprained her ankle? Christmas lights
40%
41. #17 - With Two Parts - Part 2 What word does Chandler think the monkey is trying to spell after swolling three Scrabble tiles? Monkey
36%
35. #14 - With The Candy Hearts What is Carol's profession? Teacher
36%
6. #01 - With The Pilot How many times is Monica's date "Paul the wine guy" mentioned in the pilot? 21 times
35%
42. #18 - With All The Poker What song does the monkey play over and over again? The Lion Sleeps Tonight
34%
43. #19 - The Monkey Gets Away What did the Animal Control Lady, Louisa, hit Phoebe with? Tranquilizer Dart
34%
22. #09 - Where Underdog Gets Away What do the Friends end up eating for Thanksgiving after their dinner gets burnt? Grilled Cheese Sandwiches
32%
13. #04 - With George Stephanopoulas What game does Phoebe bring to Monica and Rachel's apartment? Operation
32%
44. #20 - With The Evil Orthodontist Rachel received a bottle of which brand of perfume from her ex-fiance? Chanel
31%
45. #21 - The Fake Monica What name did Monica use when she met the "Fake Monica"? Monana
31%
46. #21 - The Fake Monica Which zoo does Ross's monkey get into? San Diego Zoo
31%
47. #22 - With The Ick Factor What was the 'ick' factor for Monica when she was dating Ethan. Age difference / He was a high school student
26%
19. #08 - Where Nana Dies Twice What was the name of Ross and Monica's grandmother who passed away? Althea
26%
15. #06 - With The Butt What was the name of the play Joey performed in? Freud
23%
33. #12 - With The Dozen Lasagna's What is the name of Chandlers ex-roomate? Kip
23%
50. #24 - Where Rachel Finds Out What does Ross buy Rachel for her birthday? An Antique Pin
21%
29. #11 - With Mrs Bing Which show did Mrs. Bing appear? The Tonight Show (with Jay Leno)
21%
34. #13 - With The Boobies What was the name of Joey's dad's mistress? Ronni
10%
30. #11 - With Mrs Bing What is Joey's mother's name? Gloria
9%
37. #15 - With The Stoned Guy What is the name of the waitress that Monica originally hired to help her? Wendy
7%
36. #15 - With The Stoned Guy What does Monica prepare for the restaurant owner? Salmon Mousse
5%
No matching quizzes found
Score Distribution
Percent of People with Each Score
Percentile by Number Answered
Your Score History
You have not taken this quiz since the last reset